000 00310nam a22001217a 4500
040 _cHS
082 _a307
100 _aBLESILDA M. CALUB
245 _aការវាយតំលៃជនបទតាមបែបចូលរួម
260 _aGermany
_bBLESILDA M. CALUB
_c2003
300 _a86p;
942 _cKB
999 _c9751
_d9751